[Event "Dieren op"]
[Site "Dieren"]
[Date "2023.07.31"]
[Round "6"]
[White "Binnendijk, Ferdinand"]
[Black "Markus, John Raymond"]
[Result "1-0"]
[WhiteElo "2112"]
[BlackElo "2001"]
[PlyCount "115"]
[EventDate "2023.07.25"]
[EventType "swiss"]
[EventRounds "9"]
[EventCountry "NED"]
[SourceTitle "CBM 215 Extra"]
[Source "ChessBase"]
[SourceDate "2023.09.30"]
[SourceVersion "1"]
[SourceVersionDate "2023.09.30"]
[SourceQuality "1"]

1. d4 d6 2. e4 g6 3. f4 Bg7 4. Nf3 a6 5. Bd3 Nd7 6. c3 c5 7. Nbd2 Qc7 8. a4 e6 9. 0-0 Ne7 10. a5 0-0 11. Qa4 d5 12. e5 Nc6 13. Rf2 c4 14. Bb1 f6 15. exf6 Bxf6 16. Nf1 Be7 17. Be3 Bd6 18. Ne5 Ndxe5 19. dxe5 Be7 20. Bb6 Qb8 21. Qd1 Bd7 22. Qg4 Qe8 23. h4 Kh8 24. Bc2 Rc8 25. Re1 Bd8 26. Bc5 Rg8 27. Rd2 Nxa5 28. Bd6 Be7 29. Bxe7 Qxe7 30. Nh2 Nc6 31. Qg3 h5 32. Nf3 Qg7 33. Ng5 Ne7 34. Qf2 Rc6 35. Qf3 Rb6 36. Bb1 Rf8 37. g4 hxg4 38. Qxg4 Nf5 39. Bxf5 Rxf5 40. Kh2 Kg8 41. Kg3 Qh6 42. Qe2 Rc6 43. Rh1 Qh5 44. Qe3 b6 45. Ne4 dxe4 46. Rxd7 Qf3+ 47. Qxf3 exf3 48. Kxf3 Rf7 49. Rhd1 Rc5 50. Kg4 b5 51. Rxf7 Kxf7 52. Rd7+ Kf8 53. Rd2 Rd5 54. Rxd5 exd5 55. Kf3 Ke7 56. f5 gxf5 57. h5 b4 58. h6 1-0

[Event "Dieren op"]
[Site "Dieren"]
[Date "2023.07.28"]
[Round "4"]
[White "Otten, Martijn"]
[Black "Markus, John Raymond"]
[Result "1-0"]
[WhiteElo "2166"]
[BlackElo "2001"]
[PlyCount "93"]
[EventDate "2023.07.25"]
[EventType "swiss"]
[EventRounds "9"]
[EventCountry "NED"]
[SourceTitle "CBM 215 Extra"]
[Source "ChessBase"]
[SourceDate "2023.09.30"]
[SourceVersion "1"]
[SourceVersionDate "2023.09.30"]
[SourceQuality "1"]

1. d4 g6 2. c4 Bg7 3. Nc3 d6 4. e4 e5 5. Nge2 exd4 6. Nxd4 Ne7 7. h4 h6 8. h5 g5 9. Be3 Nbc6 10. Qd2 0-0 11. 0-0-0 f5 12. f3 f4 13. Bf2 Ne5 14. Be2 a6 15. g3 fxg3 16. Bxg3 c5 17. Nb3 Nxf3 18. Qxd6 Nd4 19. Qxc5 Nxe2+ 20. Nxe2 Qe8 21. Be5 Bxe5 22. Qxe5 Bg4 23. Rd6 Qf7 24. Nc3 Qg7 25. Qxg7+ Kxg7 26. Nc5 Rf2 27. Nd3 Rg2 28. Ne5 Rf8 29. Nxg4 Rxg4 30. Rd7 Rf7 31. Rxb7 Rh4 32. Rd1 g4 33. Rdd7 g3 34. Rxe7 Rxe7 35. Rxe7+ Kf8 36. Re5 g2 37. Ne2 Rh1+ 38. Kd2 Rb1 39. Kc3 Re1 40. Re6 Rxe2 41. Rg6 a5 42. a3 a4 43. b4 Ra2 44. Kd4 Rxa3 45. Rxg2 Rb3 46. b5 a3 47. Rg6 1-0

[Event "Utrecht OKU op 48th"]
[Site "Utrecht"]
[Date "2023.05.21"]
[Round "5"]
[White "Zwirs, Nico"]
[Black "Markus, John Raymond"]
[Result "1-0"]
[WhiteElo "2447"]
[BlackElo "2045"]
[PlyCount "47"]
[EventDate "2023.05.19"]
[EventType "swiss"]
[EventRounds "6"]
[EventCountry "NED"]
[SourceTitle "CBM 214 Extra"]
[Source "ChessBase"]
[SourceDate "2023.07.31"]
[SourceVersion "1"]
[SourceVersionDate "2023.07.31"]
[SourceQuality "1"]

1. d4 d6 2. e4 g6 3. Nc3 a6 4. Be3 Nf6 5. h4 h6 6. Be2 Nbd7 7. f4 b5 8. a3 Bb7 9. e5 Nd5 10. Nxd5 Bxd5 11. Bf3 c6 12. h5 gxh5 13. Bxd5 cxd5 14. Qxh5 e6 15. Nf3 dxe5 16. fxe5 Qc7 17. Ng5 hxg5 18. Qxh8 0-0-0 19. Qh7 Nxe5 20. 0-0 Ng4 21. Rxf7 Qg3 22. Rf3 Qd6 23. Bxg5 Re8 24. Qh5 1-0

[Event "Groningen op 57th"]
[Site "Groningen"]
[Date "2019.12.27"]
[Round "6"]
[White "Balje, Jan"]
[Black "Markus, John Raymond"]
[Result "1-0"]
[WhiteElo "2179"]
[BlackElo "1996"]
[PlyCount "97"]
[EventDate "2019.12.21"]
[EventType "swiss"]
[EventRounds "9"]
[EventCountry "NED"]
[SourceTitle "CBM 194 Extra"]
[Source "ChessBase"]
[SourceDate "2020.03.31"]
[SourceVersion "1"]
[SourceVersionDate "2020.03.31"]
[SourceQuality "1"]

1. d4 d6 2. c4 g6 3. Nf3 Bg7 4. Nc3 Bg4 5. g3 Nd7 6. Bg2 c5 7. d5 Ngf6 8. Nd2 Nb6 9. h3 Bc8 10. 0-0 0-0 11. e4 a6 12. a4 Rb8 13. f4 Ne8 14. Qe2 Qc7 15. Nf3 e5 16. f5 gxf5 17. Nh4 fxe4 18. Nf5 Bxf5 19. Rxf5 Nc8 20. Nxe4 Ne7 21. Rf2 h6 22. g4 f5 23. gxf5 Rxf5 24. Ra3 Rxf2 25. Qxf2 Qd7 26. h4 Ng6 27. Bh3 Qe7 28. Be6+ Kh8 29. Rg3 Nf4 30. Bxf4 exf4 31. Qxf4 Rd8 32. Rg6 Nc7 33. Bf7 Qf8 34. Rxd6 Rxd6 35. Nxd6 Bd4+ 36. Kf1 Qg7 37. Nxb7 Qg1+ 38. Ke2 Qg2+ 39. Kd3 Qh3+ 40. Ke2 Qg2+ 41. Kd3 Qh3+ 42. Ke4 Kg7 43. Bh5 Qh1+ 44. Qf3 Qxh4+ 45. Qg4+ Qxg4+ 46. Bxg4 Ne8 47. d6 Nf6+ 48. Kf3 Nxg4 49. Kxg4 1-0

[Event "Brasschaat op 19th"]
[Site "Brasschaat"]
[Date "2019.08.23"]
[Round "7"]
[White "Van Goethem, Jozef"]
[Black "Markus, John Raymond"]
[Result "1/2-1/2"]
[WhiteElo "1762"]
[BlackElo "1986"]
[PlyCount "52"]
[EventDate "2019.08.17"]
[EventType "swiss"]
[EventRounds "9"]
[EventCountry "BEL"]
[SourceTitle "EXT 2020"]
[Source "ChessBase"]
[SourceDate "2019.10.17"]
[SourceVersion "1"]
[SourceVersionDate "2019.10.17"]
[SourceQuality "1"]

1. e4 e5 2. Nf3 Nc6 3. Bc4 Nf6 4. d3 h6 5. Nc3 Bc5 6. Be3 Bxe3 7. fxe3 d6 8. h3 Na5 9. Bb3 0-0 10. 0-0 c5 11. Nd5 Nxb3 12. Nxf6+ Qxf6 13. axb3 Qe7 14. Qe1 f5 15. exf5 Bxf5 16. Qg3 a6 17. Nh4 Bh7 18. e4 Rxf1+ 19. Rxf1 Rf8 20. Nf5 Bxf5 21. exf5 d5 22. Qf3 Qd7 23. g4 Qd6 24. Qe3 b6 25. Re1 Re8 26. Qg3 Qf6 1/2-1/2

[Event "Brasschaat op 19th"]
[Site "Brasschaat"]
[Date "2019.08.19"]
[Round "3"]
[White "De Waele, Warre"]
[Black "Markus, John Raymond"]
[Result "1-0"]
[WhiteElo "2225"]
[BlackElo "1986"]
[PlyCount "87"]
[EventDate "2019.08.17"]
[EventType "swiss"]
[EventRounds "9"]
[EventCountry "BEL"]
[SourceTitle "EXT 2020"]
[Source "ChessBase"]
[SourceDate "2019.10.17"]
[SourceVersion "1"]
[SourceVersionDate "2019.10.17"]
[SourceQuality "1"]

1. d4 Nf6 2. c4 e5 3. dxe5 Ne4 4. a3 a5 5. Nf3 Nc6 6. e3 Be7 7. Bd3 Nc5 8. Bc2 0-0 9. Nc3 b6 10. Nd5 Bb7 11. h4 h6 12. Bb1 d6 13. Qc2 g6 14. exd6 Bxd6 15. h5 Ne5 16. hxg6 f5 17. Nxe5 Bxe5 18. Rh5 c6 19. Rxf5 cxd5 20. Rxe5 Qf6 21. g7 Qxg7 22. Rh5 Ne4 23. f4 Rac8 24. Ba2 b5 25. Rh3 bxc4 26. Kf1 Rf6 27. Bd2 Rg6 28. Be1 Kh7 29. Rd1 Rg8 30. Rh2 Rb6 31. Bc3 Qg6 32. Bb1 Qg4 33. Qe2 Qxe2+ 34. Kxe2 Rg3 35. Bxe4+ dxe4 36. Rd7+ Kg8 37. Kf2 Rgg6 38. f5 Rg5 39. f6 Rf5+ 40. Ke2 Ba6 41. Rxh6 Rxb2+ 42. Bxb2 c3+ 43. Kd1 cxb2 44. Rg7+ 1-0

[Event "Amsterdam Science Park op-A"]
[Site "Amsterdam"]
[Date "2017.07.08"]
[Round "1"]
[White "Bosboom, Manuel"]
[Black "Markus, John Raymond"]
[Result "1-0"]
[WhiteElo "2405"]
[BlackElo "2090"]
[PlyCount "51"]
[EventDate "2017.07.08"]
[EventType "swiss"]
[EventRounds "9"]
[EventCountry "NED"]
[SourceTitle "CBM 179 Extra"]
[Source "ChessBase"]
[SourceDate "2017.08.23"]
[SourceVersion "1"]
[SourceVersionDate "2017.08.23"]
[SourceQuality "1"]

1. Nf3 d5 2. c4 e6 3. g3 c6 4. b3 Nf6 5. Bg2 Nbd7 6. 0-0 Be7 7. Bb2 0-0 8. Qc2 a5 9. Nc3 b6 10. d3 Bb7 11. e4 Rc8 12. Rfe1 Bb4 13. a3 Bxc3 14. Bxc3 dxe4 15. dxe4 c5 16. Rad1 Qc7 17. e5 Bxf3 18. Bxf3 Ne8 19. Re4 Nb8 20. Rh4 g6 21. Qd2 f5 22. exf6 Nxf6 23. Qg5 Nbd7 24. Rxd7 Nxd7 25. Rxh7 Rxf3 26. Qxg6+ 1-0

[Event "Groningen op-A 54th"]
[Site "Groningen"]
[Date "2016.12.27"]
[Round "6"]
[White "Gedajlovic, Max"]
[Black "Markus, John Raymond"]
[Result "1-0"]
[WhiteElo "2338"]
[BlackElo "2098"]
[PlyCount "103"]
[EventDate "2016.12.21"]
[EventType "swiss"]
[EventRounds "9"]
[EventCountry "NED"]
[SourceTitle "CBM 176 Extra"]
[Source "ChessBase"]
[SourceDate "2017.03.02"]
[SourceVersion "1"]
[SourceVersionDate "2017.03.02"]
[SourceQuality "1"]

1. d4 d5 2. Nf3 c6 3. c4 e6 4. e3 Nf6 5. b3 Nbd7 6. Bb2 Bd6 7. Bd3 0-0 8. 0-0 b6 9. Ne5 Bb7 10. Nd2 Qe7 11. Qf3 c5 12. Qh3 h6 13. Nxd7 Nxd7 14. cxd5 exd5 15. Qf5 g6 16. Qh3 Kh7 17. Rae1 f5 18. f4 Rae8 19. Rf3 c4 20. bxc4 dxc4 21. d5 h5 22. Bxc4 Bb4 23. Bc1 Nf6 24. Rd1 Nxd5 25. Bxd5 Bxd5 26. Rf2 Rd8 27. Nf3 Bxf3 28. Qxf3 Qe4 29. Rxd8 Rxd8 30. Qxe4 fxe4 31. Rc2 Bc5 32. Kf2 Kg8 33. Ke2 Kf7 34. Rc4 Re8 35. Bb2 Re6 36. Be5 g5 37. Rxe4 Kg6 38. Rc4 gxf4 39. Bxf4 Kf5 40. Kf3 Re7 41. e4+ Ke6 42. Rc2 Rf7 43. g3 Rd7 44. Rd2 Rxd2 45. Bxd2 b5 46. Be3 Bxe3 47. Kxe3 Ke5 48. h3 b4 49. g4 hxg4 50. hxg4 a5 51. g5 a4 52. Kd3 1-0

[Event "Groningen op-A 54th"]
[Site "Groningen"]
[Date "2016.12.24"]
[Round "4"]
[White "Willemsma, Abe"]
[Black "Markus, John Raymond"]
[Result "1/2-1/2"]
[WhiteElo "2087"]
[BlackElo "2098"]
[PlyCount "55"]
[EventDate "2016.12.21"]
[EventType "swiss"]
[EventRounds "9"]
[EventCountry "NED"]
[SourceTitle "EXT 2018"]
[Source "ChessBase"]
[SourceDate "2017.10.13"]
[SourceVersion "1"]
[SourceVersionDate "2017.10.13"]
[SourceQuality "1"]

1. e4 e5 2. Nf3 Nc6 3. Bb5 Nge7 4. d4 exd4 5. Nxd4 g6 6. c3 Bg7 7. 0-0 0-0 8. Bg5 Nxd4 9. cxd4 h6 10. Be3 c6 11. Bc4 d5 12. exd5 Nxd5 13. Qd2 Kh7 14. Bxd5 Qxd5 15. Nc3 Qd8 16. Rad1 Be6 17. d5 cxd5 18. Nxd5 b6 19. b3 Rc8 20. h3 Bxd5 21. Qxd5 Qxd5 22. Rxd5 Rc2 23. a4 Rb2 24. Rb5 Rc8 25. Rd1 Rc3 26. Rd7 Kg8 27. Rd8+ Kh7 28. Rd7 1/2-1/2

[Event "Hilversum op"]
[Site "Hilversum"]
[Date "2016.06.17"]
[Round "1"]
[White "Hendriks, Willy"]
[Black "Markus, John Raymond"]
[Result "1/2-1/2"]
[WhiteElo "2406"]
[BlackElo "2003"]
[PlyCount "112"]
[EventDate "2016.06.17"]
[EventType "swiss"]
[EventRounds "6"]
[EventCountry "NED"]
[SourceTitle "CBM 173 Extra"]
[Source "ChessBase"]
[SourceDate "2016.08.29"]
[SourceVersion "1"]
[SourceVersionDate "2016.08.29"]
[SourceQuality "1"]

1. e4 e5 2. Bc4 Nf6 3. d3 Nc6 4. Nf3 Bc5 5. c3 d6 6. Nbd2 a6 7. Bb3 Ba7 8. Nf1 0-0 9. Ng3 h6 10. h3 Re8 11. 0-0 d5 12. Qe2 Be6 13. Rd1 dxe4 14. dxe4 Qe7 15. Nh4 Bxb3 16. axb3 Qe6 17. b4 Rad8 18. Rxd8 Rxd8 19. Nhf5 Bb6 20. Be3 Bxe3 21. Qxe3 Kh7 22. Re1 Ng8 23. Qe2 g6 24. Ne3 Nge7 25. Rd1 Rxd1+ 26. Qxd1 Qd6 27. Qe2 b5 28. Ngf1 Nd8 29. g3 Ne6 30. Ng4 Ng8 31. Qd2 Ng5 32. Qd5 h5 33. Nge3 Nf6 34. Qxd6 cxd6 35. Kg2 Ngxe4 36. f3 Ng5 37. h4 Ne6 38. Nd2 d5 39. Kf2 Kg8 40. Ke2 Kf8 41. Nb3 d4 42. Nc2 dxc3 43. bxc3 Ke7 44. Ne3 Kd6 45. Nd2 Kc6 46. Nb3 Nc7 47. Na5+ Kd6 48. Nb7+ Ke7 49. Kd3 Nfd5 50. Nxd5+ Nxd5 51. Nc5 Nc7 52. Ke4 f6 53. g4 Kf7 54. Nd7 Ke6 55. Nc5+ Kf7 56. Nd7 Ke6 1/2-1/2

[Event "Dieren op"]
[Site "Dieren"]
[Date "2014.07.25"]
[Round "4"]
[White "Markus, John Raymond"]
[Black "Dijkhuis, Sven"]
[Result "1-0"]
[WhiteElo "2143"]
[BlackElo "1988"]
[PlyCount "121"]
[EventDate "2014.07.22"]
[EventType "swiss"]
[EventRounds "9"]
[EventCountry "NED"]
[SourceTitle "CBM 161 Extra"]
[Source "ChessBase"]
[SourceDate "2014.08.29"]
[SourceVersion "1"]
[SourceVersionDate "2014.08.29"]
[SourceQuality "1"]

1. d4 Nf6 2. c4 c5 3. d5 e6 4. Nc3 exd5 5. cxd5 d6 6. e4 g6 7. f4 Bg7 8. Nf3 0-0 9. Be2 Re8 10. e5 dxe5 11. fxe5 Ng4 12. Bg5 Qb6 13. Qd2 Nxe5 14. 0-0-0 Bf5 15. Nxe5 Bxe5 16. Rhe1 Nd7 17. g4 Bxc3 18. Qxc3 Be4 19. d6 Qb4 20. Be7 Qxc3+ 21. bxc3 Bc6 22. g5 Kg7 23. Bg4 b6 24. Re3 h6 25. h4 h5 26. Bh3 Rab8 27. Rde1 f5 28. gxf6+ Nxf6 29. Bxf6+ Kxf6 30. Rxe8 Bxe8 31. Re6+ Kg7 32. Re7+ Kf8 33. Rxa7 Rd8 34. d7 Bf7 35. Kb2 Ke7 36. Rb7 Be6 37. Bxe6 Kxe6 38. Rxb6+ Kxd7 39. Rxg6 Rb8+ 40. Kc2 Ra8 41. Kb3 c4+ 42. Kb4 Rb8+ 43. Kxc4 Rf8 44. Kd5 Rf4 45. Rd6+ Kc7 46. Rc6+ Kb7 47. Rc4 Rf2 48. a4 Kb6 49. Ke5 Ka5 50. Rf4 Rc2 51. Kf5 Rxc3 52. Kg5 Rg3+ 53. Kxh5 Rg8 54. Kh6 Rg1 55. h5 Rg2 56. Kh7 Rg1 57. h6 Rg3 58. Kh8 Rg6 59. h7 Rg5 60. Rf8 Kxa4 61. Rg8 1-0

[Event "Groningen op-A 51st"]
[Site "Groningen"]
[Date "2013.12.24"]
[Round "4"]
[White "Markus, John Raymond"]
[Black "Olsarova, Tereza"]
[Result "0-1"]
[WhiteElo "2118"]
[BlackElo "2260"]
[PlyCount "82"]
[EventDate "2013.12.21"]
[EventType "swiss"]
[EventRounds "9"]
[EventCountry "NED"]
[SourceTitle "CBM 158 Extra"]
[Source "ChessBase"]
[SourceDate "2014.02.28"]
[SourceVersion "1"]
[SourceVersionDate "2014.02.28"]
[SourceQuality "1"]

1. d4 d5 2. c4 c6 3. cxd5 cxd5 4. Nc3 Nf6 5. Bf4 Nc6 6. e3 Bf5 7. Nf3 e6 8. Bb5 Nd7 9. Qa4 Qb6 10. 0-0 Be7 11. Rfc1 0-0 12. h3 Rfc8 13. a3 a6 14. Bxc6 Rxc6 15. b4 Rac8 16. Na2 Qd8 17. Rxc6 Rxc6 18. Rc1 Nb6 19. Qb3 Rxc1+ 20. Nxc1 Qc8 21. Qb2 Na4 22. Qd2 Qc3 23. Qxc3 Nxc3 24. Nd2 Nb5 25. Ndb3 Nxa3 26. Nc5 Nc2 27. Na2 Kf8 28. Bc7 Ke8 29. Ba5 Bxc5 30. bxc5 Kd7 31. Nc3 Kc6 32. g4 Bd3 33. h4 e5 34. dxe5 Kxc5 35. Bc7 b5 36. Kg2 b4 37. Na4+ Kc6 38. Bd6 b3 39. Nb2 Bb5 40. h5 a5 41. Nd1 Be2 0-1

[Event "Groningen op-A 51st"]
[Site "Groningen"]
[Date "2013.12.23"]
[Round "3"]
[White "Lyell, Mark"]
[Black "Markus, John Raymond"]
[Result "0-1"]
[WhiteElo "2247"]
[BlackElo "2118"]
[PlyCount "120"]
[EventDate "2013.12.21"]
[EventType "swiss"]
[EventRounds "9"]
[EventCountry "NED"]
[SourceTitle "CBM 158 Extra"]
[Source "ChessBase"]
[SourceDate "2014.02.28"]
[SourceVersion "1"]
[SourceVersionDate "2014.02.28"]
[SourceQuality "1"]

1. e4 e5 2. Nf3 Nc6 3. Bc4 Nf6 4. Ng5 d5 5. exd5 b5 6. Bf1 Nd4 7. c3 Nxd5 8. Nxf7 Kxf7 9. cxd4 e4 10. Nc3 Nf6 11. Bxb5 Qxd4 12. d3 Bb4 13. 0-0 Bg4 14. Qa4 Bxc3 15. Bc4+ Kg6 16. bxc3 Qxc3 17. Qb5 h6 18. Bb2 Qd2 19. Bxf6 gxf6 20. dxe4 Rhd8 21. e5 Rab8 22. Qc6 Rb6 23. Qxc7 Rd7 24. Qc8 fxe5 25. h3 Bf5 26. g4 Be4 27. Rad1 Qxd1 28. Rxd1 Rxd1+ 29. Kh2 Kg5 30. Bd3 Rxd3 31. Qc1+ Kg6 32. Qc4 Rd4 33. Qg8+ Kf6 34. Qf8+ Ke6 35. Qxh6+ Kd5 36. Qf8 Rd3 37. Qf7+ Kc5 38. Qc7+ Bc6 39. Qxe5+ Kc4 40. g5 Rb1 41. Qe6+ Bd5 42. Qc8+ Kd4 43. Qh8+ Kc5 44. Qf8+ Kb6 45. Qd6+ Kb7 46. Qd7+ Ka6 47. Qd6+ Rb6 48. Qd8 Rc6 49. Qe8 Ka5 50. Qd7 a6 51. Qd8+ Ka4 52. Qe8 Ka3 53. h4 Rc1 54. Qe7+ Kb2 55. Qe2+ Kc3 56. Qe5+ Kc2 57. f3 Bxf3 58. Qb8 Bd5 59. Qc7+ Rc3 60. Qh7+ Kb2 0-1

[Event "Groningen op-A 51st"]
[Site "Groningen"]
[Date "2013.12.22"]
[Round "2"]
[White "Markus, John Raymond"]
[Black "Umudova, Nargiz"]
[Result "1/2-1/2"]
[WhiteElo "2118"]
[BlackElo "2255"]
[PlyCount "73"]
[EventDate "2013.12.21"]
[EventType "swiss"]
[EventRounds "9"]
[EventCountry "NED"]
[SourceTitle "CBM 158 Extra"]
[Source "ChessBase"]
[SourceDate "2014.02.28"]
[SourceVersion "1"]
[SourceVersionDate "2014.02.28"]
[SourceQuality "1"]

1. d4 Nf6 2. c4 e6 3. Nc3 Bb4 4. a3 Bxc3+ 5. bxc3 d6 6. Nf3 b6 7. g3 Bb7 8. Bg2 Nbd7 9. 0-0 0-0 10. a4 a5 11. Nd2 Bxg2 12. Kxg2 e5 13. e4 Qc8 14. Ba3 Qb7 15. f3 g6 16. Re1 Nh5 17. Rb1 Qc6 18. Qb3 Rad8 19. Nf1 f5 20. c5+ Rf7 21. d5 Qa8 22. cxd6 cxd6 23. Bxd6 fxe4 24. fxe4 Qc8 25. Ne3 Ndf6 26. Qxb6 Nxe4 27. Qxd8+ Qxd8 28. Rb8 Qxb8 29. Bxb8 Rf2+ 30. Kg1 Rb2 31. Nc4 Rxb8 32. Rxe4 Rb1+ 33. Kf2 Nf6 34. Re2 Nxd5 35. Rxe5 Nxc3 36. Rxa5 Rb4 37. Ne5 1/2-1/2

[Event "Dieren op"]
[Site "Dieren"]
[Date "2012.07.25"]
[Round "2"]
[White "Markus, John Raymond"]
[Black "Vos, Tjark"]
[Result "0-1"]
[WhiteElo "2147"]
[BlackElo "1958"]
[PlyCount "62"]
[EventDate "2012.07.24"]
[EventType "swiss"]
[EventRounds "9"]
[EventCountry "NED"]
[SourceTitle "CBM 149 Extra"]
[Source "ChessBase"]
[SourceDate "2012.08.24"]
[SourceVersion "1"]
[SourceVersionDate "2012.08.24"]
[SourceQuality "1"]

1. d4 Nf6 2. Nf3 g6 3. c4 Bg7 4. Nc3 0-0 5. e4 d6 6. Be2 e5 7. 0-0 Nc6 8. d5 Ne7 9. Ne1 Nd7 10. Be3 f5 11. f3 f4 12. Bf2 g5 13. b4 Ng6 14. c5 Nf6 15. a4 h5 16. Rc1 g4 17. cxd6 cxd6 18. Nb5 Rf7 19. a5 g3 20. Bxa7 Nh7 21. hxg3 fxg3 22. f4 Nxf4 23. Bb6 Qh4 24. Nf3 Nxe2+ 25. Qxe2 Rxf3 26. gxf3 Ng5 27. Rxc8+ Rxc8 28. f4 Nh3+ 29. Kg2 Nxf4+ 30. Rxf4 exf4 31. Bg1 Qg4 0-1

[Event "Amsterdam Science Park op-A 2nd"]
[Site "Amsterdam"]
[Date "2012.07.15"]
[Round "2"]
[White "Bezemer, Arno J"]
[Black "Markus, John Raymond"]
[Result "1-0"]
[WhiteElo "2346"]
[BlackElo "2147"]
[PlyCount "75"]
[EventDate "2012.07.14"]
[EventType "swiss"]
[EventRounds "9"]
[EventCountry "NED"]
[SourceTitle "CBM 149 Extra"]
[Source "ChessBase"]
[SourceDate "2012.08.24"]
[SourceVersion "1"]
[SourceVersionDate "2012.08.24"]
[SourceQuality "1"]

1. e4 d6 2. d4 g6 3. Nf3 Bg7 4. Bc4 e6 5. 0-0 Ne7 6. Re1 0-0 7. Bb3 Nd7 8. c3 b6 9. Nbd2 Bb7 10. Nf1 h6 11. Ng3 Kh7 12. h4 d5 13. e5 Nf5 14. Nxf5 gxf5 15. Bc2 Rg8 16. g3 Bf8 17. Bf4 Be7 18. Kh1 c5 19. Qd2 cxd4 20. cxd4 Qf8 21. a3 Rc8 22. Rac1 Qg7 23. Rg1 Qg4 24. Nh2 Qh3 25. Bd3 Nc5 26. Rxc5 bxc5 27. Bf1 Qxf1 28. Rxf1 cxd4 29. Bxh6 d3 30. Bg5 d4+ 31. Kg1 Bxg5 32. hxg5 Rc2 33. Qxd3 Be4 34. Qxd4 Rxg5 35. Re1 Bd5 36. Qh4+ Kg6 37. Rd1 Rc4 38. Qh8 1-0

[Event "Hilversum op-A"]
[Site "Hilversum"]
[Date "2012.06.22"]
[Round "2"]
[White "Markus, John Raymond"]
[Black "Dgebuadze, Alexandre"]
[Result "0-1"]
[WhiteElo "2155"]
[BlackElo "2558"]
[PlyCount "84"]
[EventDate "2012.06.22"]
[EventType "swiss"]
[EventRounds "6"]
[EventCountry "NED"]
[SourceTitle "CBM 149 Extra"]
[Source "ChessBase"]
[SourceDate "2012.08.24"]
[SourceVersion "1"]
[SourceVersionDate "2012.08.24"]
[SourceQuality "1"]

1. d4 Nf6 2. Nf3 c5 3. e3 d6 4. c3 Nbd7 5. Nbd2 g6 6. Bd3 Bg7 7. 0-0 0-0 8. Re1 Qc7 9. a4 d5 10. e4 cxd4 11. cxd4 dxe4 12. Nxe4 Nxe4 13. Bxe4 Nf6 14. Bd3 b6 15. h3 Bb7 16. Bd2 Rad8 17. Bc3 Nd5 18. Rc1 Qb8 19. Be4 Rfe8 20. Bd2 Nf6 21. Bxb7 Qxb7 22. Bf4 Nd5 23. Be5 Bh6 24. Ra1 a6 25. Qb3 Rc8 26. Red1 Red8 27. a5 b5 28. Ne1 Qd7 29. Nd3 Qf5 30. Bg3 Bg7 31. Ne1 Rc4 32. Nf3 Rdc8 33. Ne5 Bxe5 34. dxe5 e6 35. Qa3 h5 36. b3 Rc2 37. Qd6 g5 38. h4 Nc3 39. Re1 Ne2+ 40. Rxe2 Rxe2 41. Qxa6 Rec2 42. Qxb5 Rc1+ 0-1